67-esek kitüntetése
Z bojiska píše do redakcie nadporučík Ödön Thern zoznam vyznamenaných vojakov 67. pešieho pluku. Striebornú medailu za statočnosť 2. triedy za hrdinský postoj pred nepriateľom dostali: strážmajster v zálohe János Loisch z obce Mlynica (Malompatak), slobodník Árpád Guttmann zo Spišského Podhradia (Sz...
| Médium: | Článok |
|---|---|
| Jazyk: | Hungarian |
| Témy: |
Thern, Ödön
> 1888-1918
> bankový úradník
> vojak c. k. armády
> nadporučík c. k. 67. pešieho pluku
> 1917
> Spišská Nová Ves (Slovensko)
Loisch, János
> vojak c. k. armády
> strážmajster c. k. 67. pešieho pluku v zálohe
> 1917
> Mlynica (Slovensko)
Guttmann, Árpád
> vojak c. k. armády
> slobodník c. k. 67. pešieho pluku
> 1917
> Spišské Podhradie (Slovensko)
Liptai, Ferenc
> vojak c. k. armády
> poručík c. k. 67. pešieho pluku v zálohe
> 1917
> Spišská Nová Ves (Slovensko)
Tinsz, Sándor
> vojak c. k. armády
> desiatnik c. k. 67. pešieho pluku
> 1917
> Kežmarok (Slovensko)
|
| Zdroj: |
1. Szepesi Lapok : Politikai És Tátrai Ujság 1. Roč. XXXIII, č. 75 (5.7.1917), s. 4 |
| LEADER | 03844nab#a2200553#ar4500 | ||
|---|---|---|---|
| 001 | 000128107 | ||
| 003 | SVKKK | ||
| 005 | 20220621105451.0 | ||
| 008 | 131126d1917 xo |||||||||||||||b|hun | ||
| FMT | |||
| 038 | |a SVKKK | ||
| 040 | |a SVKKK |b slo |e AACR2 | ||
| 041 | 0 | |a hun | |
| 044 | |a xo |c SK | ||
| 080 | |a 355.337 |2 2011 | ||
| 080 | |a 355.335 |2 2011 | ||
| 080 | |a 351.856.2 |2 2011 | ||
| 080 | |a 355.134 |2 2011 | ||
| 080 | |a 355.415.7 |2 2011 | ||
| 080 | |a 94(100)"1914/1918" |2 2011 | ||
| 242 | 1 | 0 | |a Vyznamenanie vojakov 67. pešieho pluku |
| 245 | 1 | 0 | |a 67-esek kitüntetése |
| 520 | 3 | |a Z bojiska píše do redakcie nadporučík Ödön Thern zoznam vyznamenaných vojakov 67. pešieho pluku. Striebornú medailu za statočnosť 2. triedy za hrdinský postoj pred nepriateľom dostali: strážmajster v zálohe János Loisch z obce Mlynica (Malompatak), slobodník Árpád Guttmann zo Spišského Podhradia (Szepesváralja). Bronzovú medailu za statočnosť dostali: poručík v zálohe Ferenc Liptai zo Spišskej Novej Vsi (Igló), pešiak Jakab Lopata z Matiašoviec (Mátyásfalva), pešiak József Jakubcsák z Vikartoviec (Hernádfő), András Kurnyava z obce Veľká Franková (Frankvágás), József Mlinárcsik z obce Levočské Lúky (Lőcsemajor), Bálint Kocsis zo Spišského Hrušova (Körtvélyes), János Ondrejcsik zo Spišskej Novej Vsi, Márton Pitkó z Vikartoviec, János Zelenyák zo Spišskej Novej Vsi, József Benya zo Závadky (Görögfalva), József Kredatusz z Kežmarku, Imre Bondra z Novej Ľubovne, Mihály Kollár z obce Solymár, Pál Kalina z Bijacoviec (Szepesmindszent), Mihály Szutorisz z Lučivnej, kaprál Sándor Tinsz z Kežmarku, pešiak Béla Bacsa z Veľkej Lesnej (Kristályfalu), József Knizner obce Stará Voda (Óvíz), Bálint Mazurek z obce Repiská (Répásfalu), Mihály Oracskó z Jurgova (Szepesgyörke), István Valykó z Korytného (Korotnok), Géza Littmann zo Spišských Hanušoviec (Szepeshanusfalva), János Krigovszky z Dúbravy (Szepestölgyes), János Kromka z Veľkej Frankovej, Mihály Hlebovetz z obce Vyšná Šuňava (Felsőszépfalu), Ferenc Szmofka z Vlkoviec (Kiskuncfalva), János Biszák z obce Vyšné Lapše (Felsőlápos), Bálint Kunzó z Hodkoviec (Szepesujvár), Tamás Kalyeta z Novej Ľubovne, Jakab Lipták z Levoče, Otto Róth zo Spišskej Belej (Szepesbéla) a kadet-ašpirant Viktor Hercz z Kežmarku. | |
| 545 | |a Különfélék | ||
| 600 | 1 | 4 | |a Thern, Ödön |d 1888-1918 |x bankový úradník |x vojak c. k. armády |x nadporučík c. k. 67. pešieho pluku |y 1917 |z Spišská Nová Ves (Slovensko) |
| 600 | 1 | 4 | |a Loisch, János |x vojak c. k. armády |x strážmajster c. k. 67. pešieho pluku v zálohe |y 1917 |z Mlynica (Slovensko) |
| 600 | 1 | 4 | |a Guttmann, Árpád |x vojak c. k. armády |x slobodník c. k. 67. pešieho pluku |y 1917 |z Spišské Podhradie (Slovensko) |
| 600 | 1 | 4 | |a Liptai, Ferenc |x vojak c. k. armády |x poručík c. k. 67. pešieho pluku v zálohe |y 1917 |z Spišská Nová Ves (Slovensko) |
| 600 | 1 | 4 | |a Tinsz, Sándor |x vojak c. k. armády |x desiatnik c. k. 67. pešieho pluku |y 1917 |z Kežmarok (Slovensko) |
| 600 | 1 | 4 | |a Hercz, Viktor |x vojak c. k. armády |x dôstojnícky čakateľ c. k. 67. pešieho pluku |y 1917 |z Kežmarok (Slovensko) |
| 610 | 0 | 4 | |a Cisársky a kráľovský 67. peší pluk |y 1917 |z Prešov (Slovensko) |
| 648 | 0 | 4 | |a 1917 |
| 650 | 0 | 4 | |a pluk |
| 650 | 0 | 4 | |a vojaci |
| 650 | 0 | 4 | |a nižší dôstojníci |
| 650 | 0 | 4 | |a vyznamenania |
| 650 | 0 | 4 | |a medaily |
| 650 | 0 | 4 | |a poľná pošta |
| 650 | 0 | 4 | |a vojenská pošta |
| 650 | 0 | 4 | |a prvá svetová vojna, 1914-1918 |
| 651 | 4 | |a Prešov (Slovensko) | |
| 655 | 4 | |a hungariká | |
| 773 | 0 | |t Szepesi Lapok : Politikai És Tátrai Ujság |g Roč. XXXIII, č. 75 (5.7.1917), s. 4 | |
| 958 | |a HU | ||
| 974 | |a vsz | ||
| 992 | |a RBX | ||
| BAS | |||
| 852 | |a SVKKK |b BIB | ||
| 998 | |a RETRO | ||